000 00624cab a2200229 4500
001 ABS60668
008 090401t1999 xxu||||| |||| 00| 0 eng d
035 _a(Sirsi) u93556
041 _aeng
245 _aSanctuary Housing Association v Campbell
260 _c1999
350 _a0
490 _aEstates Gazette
_v(9918) 8 May 1999, 162-165(2)
650 _aHOUSING ASSOCIATIONS
650 _aMATRIMONIAL HOMES ACT 1983
650 _aPOSSESSION
650 _aSANCTUARY HOUSING ASSOCIATION V CAMPBELL
650 _aSECURE TENANCY
690 _aLANDLORD AND TENANT-CASE LAW
942 _n0
948 _c26/05/1999
999 _c59286
_d59286